[Event "British Columbia op"]
[Site "Richmond CAN"]
[Date "2017.02.13"]
[Round "5.2"]
[White "Sohal, Tanraj"]
[Black "Hemstapat, Andrew"]
[Result "1-0"]
[WhiteElo "2374"]
[BlackElo "2009"]
[WhiteFideId "-1"]
[WhiteFideId "-1"]
[PlyCount "99"]
[GameId "2160767908478606"]
[EventDate "2017.02.11"]
[EventType "swiss"]
[EventRounds "6"]
[EventCountry "CAN"]
[SourceTitle "EXT 2022"]
[Source "ChessBase"]
[SourceDate "2021.10.06"]
[SourceVersion "1"]
[SourceVersionDate "2021.10.06"]
[SourceQuality "1"]

1. d4 Nf6 2. c4 g6 3. Nc3 Bg7 4. e4 d6 5. Nf3 O-O 6. Be2 e5 7. O-O Nc6 8. d5 Ne7 9. Kh1 Nd7 10. g4 f5 11. gxf5 gxf5 12. Rg1 Kh8 13. Ng5 Nf6 14. exf5 Nxf5 15. Bd3 h6 16. Ne6 Bxe6 17. dxe6 Nh4 18. Qe2 Qe8 19. Nd5 Qxe6 20. Nxc7 Qf7 21. Nxa8 d5 22. Be3 b5 23. cxd5 Qxd5+ 24. f3 Qxa8 25. Bc5 Rc8 26. b4 Nxf3 27. Rg3 e4 28. Rf1 Rd8 29. Rgxf3 exf3 30. Qxf3 Qb8 31. Re1 Nd5 32. Qf5 Nf6 33. Qf3 Nd5 34. Rf1 Nf6 35. h3 a6 36. Re1 Nd5 37. Qf5 Nf6 38. Qf3 Nd5 39. Rf1 Nf6 40. Re1 Nd5 41. Bg6 Nf4 42. Bf5 Rd5 43. Be6 Re5 44. Rxe5 Qxe5 45. Qa8+ Kh7 46. Qg8+ Kg6 47. Qf7+ Kg5 48. Be7+ Bf6 49. h4+ Kxh4 50. Bxf6+ 1-0

[Event "British Columbia op"]
[Site "Richmond CAN"]
[Date "2017.02.13"]
[Round "5.3"]
[White "Pechisker, Alfred"]
[Black "Nyamdorj, Davaa-Ochir"]
[Result "1-0"]
[WhiteElo "2237"]
[BlackElo "2149"]
[WhiteFideId "-1"]
[WhiteFideId "-1"]
[PlyCount "83"]
[GameId "2160767908478607"]
[EventDate "2017.02.11"]
[EventType "swiss"]
[EventRounds "6"]
[EventCountry "CAN"]

1. d4 Nf6 2. c4 e6 3. Nf3 d5 4. Nc3 Be7 5. Bg5 h6 6. Bh4 O-O 7. e3 Ne4 8. Bxe7 Qxe7 9. Qb3 Nxc3 10. bxc3 dxc4 11. Bxc4 b6 12. O-O Bb7 13. Be2 c5 14. Rfd1 cxd4 15. cxd4 Nc6 16. Rac1 Rfc8 17. e4 Rc7 18. Bf1 Rac8 19. d5 exd5 20. exd5 Na5 21. d6 Qf6 22. Rxc7 Rxc7 23. Qe3 Rc8 24. d7 Rf8 25. Nd4 Nc6 26. Nb5 Qd8 27. Be2 a6 28. Nc3 Nb8 29. Bg4 Bc6 30. Nd5 Bxd5 31. Rxd5 Qf6 32. h3 b5 33. Qc5 Rd8 34. Qc7 g6 35. Re5 Kg7 36. Re8 Nc6 37. Bf3 Qa1+ 38. Kh2 Rxd7 39. Qxd7 Ne5 40. Qd5 Nxf3+ 41. Qxf3 Qxa2 42. Qc3+ 1-0

[Event "British Columbia op"]
[Site "Richmond CAN"]
[Date "2017.02.13"]
[Round "5.4"]
[White "Doknjas, Joshua"]
[Black "Zhu, Brandon"]
[Result "1/2-1/2"]
[WhiteElo "2208"]
[BlackElo "1939"]
[WhiteFideId "-1"]
[WhiteFideId "-1"]
[PlyCount "71"]
[GameId "2160767908478608"]
[EventDate "2017.02.11"]
[EventType "swiss"]
[EventRounds "6"]
[EventCountry "CAN"]
[SourceTitle "EXT 2022"]
[Source "ChessBase"]
[SourceDate "2021.10.06"]
[SourceVersion "1"]
[SourceVersionDate "2021.10.06"]
[SourceQuality "1"]

1. e4 c5 2. Nf3 Nc6 3. Bb5 e5 4. O-O Bd6 5. c3 Nge7 6. d4 exd4 7. cxd4 cxd4 8. Nxd4 a6 9. Bc4 O-O 10. Bb3 Be5 11. Ne2 b5 12. Nbc3 Na5 13. Bd5 Rb8 14. Bg5 Kh8 15. f4 Bc7 16. f5 f6 17. Bf4 Nc4 18. Bxc4 bxc4 19. Rb1 Nc6 20. Bxc7 Qxc7 21. Nd5 Qe5 22. Nec3 Nd4 23. Qa4 Bb7 24. Qxc4 Rfc8 25. Qd3 Bxd5 26. exd5 Nb5 27. Rfe1 Qd6 28. Ne4 Qb4 29. Ng3 h6 30. Kh1 Kh7 31. Re4 Qf8 32. Rbe1 Nd6 33. R4e2 Rb5 34. Qf3 Nf7 35. h3 Ne5 36. Qe4 1/2-1/2

[Event "British Columbia op"]
[Site "Richmond CAN"]
[Date "2017.02.13"]
[Round "5.5"]
[White "Sadoughian-Zadeh, Farshad"]
[Black "Morozov, Grigory"]
[Result "0-1"]
[WhiteElo "2090"]
[BlackElo "2348"]
[WhiteFideId "-1"]
[WhiteFideId "-1"]
[PlyCount "76"]
[GameId "2160767908478609"]
[EventDate "2017.02.11"]
[EventType "swiss"]
[EventRounds "6"]
[EventCountry "CAN"]
[SourceTitle "EXT 2022"]
[Source "ChessBase"]
[SourceDate "2021.10.06"]
[SourceVersion "1"]
[SourceVersionDate "2021.10.06"]
[SourceQuality "1"]

1. d4 d5 2. c4 e6 3. Nf3 c6 4. g3 Nf6 5. Bg2 Nbd7 6. O-O dxc4 7. Qc2 b5 8. e4 Bb7 9. a4 Be7 10. Nc3 a6 11. Re1 O-O 12. Bg5 h6 13. Bf4 Nb6 14. Rad1 b4 15. a5 Nbd7 16. Nb1 Qxa5 17. Qxc4 Qb5 18. Qc1 Rfc8 19. Bf1 Qh5 20. Be2 Qa5 21. Nbd2 Qd8 22. Bd3 c5 23. e5 Nd5 24. Bxh6 cxd4 25. Nc4 Nc5 26. Bb1 d3 27. Bg5 Nb3 28. Bxe7 Qxe7 29. Qg5 Qxg5 30. Nxg5 Rxc4 31. Ba2 d2 32. Re2 Na5 33. Bxc4 Nxc4 34. Ne4 Nde3 35. Nxd2 Nxd1 36. Nxc4 Rc8 37. Nd6 Rc1 38. Re1 Bf3 0-1

[Event "British Columbia op"]
[Site "Richmond CAN"]
[Date "2017.02.13"]
[Round "5.6"]
[White "Richardson, Kai"]
[Black "Doknjas, Neil"]
[Result "1-0"]
[WhiteElo "2083"]
[BlackElo "1886"]
[WhiteFideId "-1"]
[WhiteFideId "-1"]
[PlyCount "59"]
[GameId "2160767908478610"]
[EventDate "2017.02.11"]
[EventType "swiss"]
[EventRounds "6"]
[EventCountry "CAN"]
[SourceTitle "EXT 2022"]
[Source "ChessBase"]
[SourceDate "2021.10.06"]
[SourceVersion "1"]
[SourceVersionDate "2021.10.06"]
[SourceQuality "1"]

1. Nf3 d5 2. d4 Nf6 3. e3 e6 4. c4 Be7 5. Nc3 O-O 6. Bd3 b6 7. O-O Bb7 8. b3 c5 9. Bb2 Nbd7 10. Rc1 Ne4 11. Ne2 f5 12. Nf4 Kf7 13. cxd5 Bxd5 14. Bc4 Bxc4 15. bxc4 g5 16. d5 gxf4 17. dxe6+ Ke8 18. Nd4 Ndf6 19. Qa4+ Nd7 20. Nc6 b5 21. Qxb5 Nd6 22. Qb3 Qc7 23. exd7+ Kxd7 24. Nxe7 Kxe7 25. exf4 Kd7 26. Be5 Kc8 27. Rfd1 Rd8 28. Rb1 Rb8 29. Qxb8+ Qxb8 30. Rxb8+ 1-0

[Event "British Columbia op"]
[Site "Richmond CAN"]
[Date "2017.02.13"]
[Round "5.7"]
[White "Hiebert, Kenji"]
[Black "Chung, Alec"]
[Result "1-0"]
[WhiteElo "2078"]
[BlackElo "1700"]
[WhiteFideId "-1"]
[WhiteFideId "-1"]
[PlyCount "57"]
[GameId "2160767908478611"]
[EventDate "2017.02.11"]
[EventType "swiss"]
[EventRounds "6"]
[EventCountry "CAN"]
[SourceTitle "EXT 2022"]
[Source "ChessBase"]
[SourceDate "2021.10.06"]
[SourceVersion "1"]
[SourceVersionDate "2021.10.06"]
[SourceQuality "1"]

1. e4 c5 2. Nf3 d6 3. d4 cxd4 4. Nxd4 Nf6 5. Nc3 a6 6. Bg5 e6 7. f4 Be7 8. Qf3 Nbd7 9. O-O-O Qc7 10. g4 b5 11. Bxf6 Nxf6 12. g5 Nd7 13. f5 Bxg5+ 14. Kb1 e5 15. Ndxb5 axb5 16. Nxb5 Qa5 17. Nxd6+ Ke7 18. a3 Nf6 19. Qb3 Rf8 20. Bc4 Qa4 21. Nxc8+ Rfxc8 22. Qb7+ Nd7 23. Bb5 Qxc2+ 24. Ka2 Rxa3+ 25. Kxa3 Rc3+ 26. Ka2 Qb3+ 27. Ka1 Qc2 28. Rxd7+ Kf8 29. Rxf7+ 1-0

[Event "British Columbia op"]
[Site "Richmond CAN"]
[Date "2017.02.13"]
[Round "5.8"]
[White "North, Robert"]
[Black "Huang, Patrick"]
[Result "0-1"]
[WhiteElo "2041"]
[BlackElo "1944"]
[WhiteFideId "-1"]
[WhiteFideId "-1"]
[PlyCount "84"]
[GameId "2160767908478612"]
[EventDate "2017.02.11"]
[EventType "swiss"]
[EventRounds "6"]
[EventCountry "CAN"]
[SourceTitle "EXT 2022"]
[Source "ChessBase"]
[SourceDate "2021.10.06"]
[SourceVersion "1"]
[SourceVersionDate "2021.10.06"]
[SourceQuality "1"]

1. d4 Nf6 2. c4 c5 3. d5 b5 4. cxb5 a6 5. bxa6 Bxa6 6. Nc3 g6 7. g3 Bg7 8. Bg2 d6 9. Nf3 Nbd7 10. O-O O-O 11. Re1 Qc7 12. e4 Ng4 13. Bf4 Rfb8 14. Qc2 Nge5 15. Nxe5 Nxe5 16. Bxe5 Bxe5 17. Bf1 Qa5 18. Bxa6 Rxa6 19. Rec1 Rab6 20. b3 R6b7 21. Rab1 Bxc3 22. Qxc3 Qxa2 23. Rb2 Qa3 24. Rcb1 Rb4 25. e5 c4 26. exd6 exd6 27. Re1 Rxb3 28. Rxb3 Qxb3 29. Rc1 Qxc3 30. Rxc3 Rc8 31. Kf1 Kg7 32. Ke2 Kf6 33. f4 Kf5 34. Kf3 h5 35. h3 g5 36. g4+ hxg4+ 37. hxg4+ Kf6 38. Ke3 Rc5 39. Kf3 gxf4 40. Kxf4 Kg6 41. Kg3 Kg5 42. Kf3 f5 0-1

[Event "British Columbia op"]
[Site "Richmond CAN"]
[Date "2017.02.13"]
[Round "5.9"]
[White "Salcedo, Daniel"]
[Black "Fratila, Adela"]
[Result "1/2-1/2"]
[WhiteElo "1997"]
[BlackElo "2050"]
[WhiteFideId "-1"]
[WhiteFideId "-1"]
[PlyCount "82"]
[GameId "2160767908478613"]
[EventDate "2017.02.11"]
[EventType "swiss"]
[EventRounds "6"]
[EventCountry "CAN"]
[SourceTitle "EXT 2022"]
[Source "ChessBase"]
[SourceDate "2021.10.06"]
[SourceVersion "1"]
[SourceVersionDate "2021.10.06"]
[SourceQuality "1"]

1. d4 e6 2. Nf3 a6 3. e4 d5 4. e5 c5 5. c3 Bd7 6. Bd3 Nc6 7. O-O Qb6 8. dxc5 Bxc5 9. Qe2 Qc7 10. Be3 Bxe3 11. Qxe3 Nge7 12. Nbd2 Ng6 13. Rfe1 O-O 14. h4 f6 15. exf6 Rxf6 16. Bxg6 Rxg6 17. Ng5 Ne7 18. Ndf3 Nf5 19. Qe5 Qc4 20. Qh2 Rh6 21. Ne5 Qc8 22. Ngf3 Qd8 23. Qf4 Qe7 24. g3 Rf8 25. Qd2 Bb5 26. a4 Be8 27. Ng4 Rg6 28. Nfe5 Nxh4 29. Nxg6 Nf3+ 30. Kg2 Bxg6 31. Qxd5 Nxe1+ 32. Rxe1 exd5 33. Rxe7 Be4+ 34. Kf1 b5 35. a5 Bd3+ 36. Ke1 Rd8 37. Ne5 Bf5 38. g4 Bc8 39. f3 Kf8 40. Rf7+ Kg8 41. Re7 Kf8 1/2-1/2

[Event "British Columbia op"]
[Site "Richmond CAN"]
[Date "2017.02.13"]
[Round "5.10"]
[White "Zheng, Maven"]
[Black "Williamson, Jason"]
[Result "0-1"]
[WhiteElo "1705"]
[BlackElo "1986"]
[WhiteFideId "-1"]
[WhiteFideId "-1"]
[PlyCount "104"]
[GameId "2160767908478614"]
[EventDate "2017.02.11"]
[EventType "swiss"]
[EventRounds "6"]
[EventCountry "CAN"]
[SourceTitle "EXT 2022"]
[Source "ChessBase"]
[SourceDate "2021.10.06"]
[SourceVersion "1"]
[SourceVersionDate "2021.10.06"]
[SourceQuality "1"]

1. d4 Nf6 2. c4 g6 3. b3 Bg7 4. Nc3 c5 5. e3 Nc6 6. Nf3 O-O 7. Bb2 d5 8. Rc1 dxc4 9. bxc4 Bg4 10. d5 Ne5 11. h3 Bxf3 12. gxf3 Qa5 13. f4 Ned7 14. Bd3 b5 15. Kf1 bxc4 16. Bxc4 Qb4 17. Qe2 Nb6 18. Bb5 Ne4 19. a3 Nxc3 20. Bxc3 Qxa3 21. Bxg7 Qxc1+ 22. Kg2 Qxh1+ 23. Kxh1 Kxg7 24. Bc6 Rac8 25. e4 Rfd8 26. Qa6 Rc7 27. Qa5 c4 28. Kg2 Rdc8 29. h4 h5 30. Qc3+ Kh7 31. f5 Nd7 32. Kh2 gxf5 33. Qf3 Nf6 34. Qxf5+ Kg7 35. f3 c3 36. e5 Nxd5 37. Bxd5 e6 38. Qf6+ Kg8 39. Qg5+ Kf8 40. Qh6+ Ke8 41. Qh8+ Kd7 42. Qf6 exd5 43. Qxf7+ Kc6 44. Qg6+ Kc5 45. Qd6+ Kd4 46. Qb4+ Rc4 47. Qb1 c2 48. Qa1+ Kd3 49. Qf1+ Kc3 50. Kg3 Kb2 51. Qe2 Kb1 52. Qe1+ c1=Q 0-1

[Event "British Columbia op"]
[Site "Richmond CAN"]
[Date "2017.02.13"]
[Round "5.12"]
[White "O'Brien, Frank"]
[Black "Zheng, Victor"]
[Result "1-0"]
[WhiteElo "1772"]
[BlackElo "1849"]
[WhiteFideId "-1"]
[WhiteFideId "-1"]
[PlyCount "111"]
[GameId "2160767908478616"]
[EventDate "2017.02.11"]
[EventType "swiss"]
[EventRounds "6"]
[EventCountry "CAN"]
[SourceTitle "EXT 2022"]
[Source "ChessBase"]
[SourceDate "2021.10.06"]
[SourceVersion "1"]
[SourceVersionDate "2021.10.06"]
[SourceQuality "1"]

1. d4 Nf6 2. Bf4 g6 3. Nc3 d5 4. Qd2 Bg7 5. h4 c5 6. e3 Nc6 7. Be2 h5 8. Nf3 Ne4 9. Nxe4 dxe4 10. Ng5 cxd4 11. exd4 Qxd4 12. c3 Qxd2+ 13. Bxd2 Bf5 14. Bc4 O-O 15. Bd5 Ne5 16. Bxe4 Bxe4 17. Nxe4 Rfd8 18. Ke2 Nc4 19. Bc1 Rd5 20. Rd1 Rad8 21. Rxd5 Rxd5 22. Nd2 Ne5 23. Nb3 Nd3 24. g3 Kf8 25. Rb1 Nxc1+ 26. Rxc1 Ke8 27. f3 Be5 28. f4 Bg7 29. Rd1 Rxd1 30. Kxd1 Kd7 31. Ke2 Kd6 32. Kd3 e5 33. Ke3 exf4+ 34. Kxf4 Be5+ 35. Kf3 Kd5 36. Nd2 b6 37. Kf2 b5 38. a3 Bg7 39. Ke2 Bh6 40. b3 Bf8 41. Nb1 Bd6 42. Kf3 a5 43. b4 a4 44. Nd2 Be5 45. Ne4 Kc4 46. Ke3 Bxc3 47. Nd6+ Kb3 48. Nxb5 Bb2 49. Nd4+ Kxa3 50. b5 Bc3 51. b6 Ba5 52. b7 Ka2 53. b8=Q a3 54. Kd3 Ka1 55. Kc2 a2 56. Qb2# 1-0

[Event "British Columbia op"]
[Site "Richmond CAN"]
[Date "2017.02.13"]
[Round "5.13"]
[White "Qu, Leo"]
[Black "Gu, Chuyang"]
[Result "1-0"]
[WhiteElo "1872"]
[BlackElo "1731"]
[WhiteFideId "-1"]
[WhiteFideId "-1"]
[PlyCount "147"]
[GameId "2160767908478617"]
[EventDate "2017.02.11"]
[EventType "swiss"]
[EventRounds "6"]
[EventCountry "CAN"]
[SourceTitle "EXT 2022"]
[Source "ChessBase"]
[SourceDate "2021.10.06"]
[SourceVersion "1"]
[SourceVersionDate "2021.10.06"]
[SourceQuality "1"]

1. d4 Nf6 2. Bf4 g6 3. Nc3 d5 4. e3 Bg7 5. Be2 c5 6. h4 h5 7. Qd2 Nc6 8. Nf3 Ne4 9. Nxe4 dxe4 10. Ng5 cxd4 11. O-O O-O 12. Nxe4 dxe3 13. Qxe3 Be6 14. c3 Qa5 15. Ng5 Bf5 16. f3 e5 17. Bh2 b5 18. Qc5 Rac8 19. Qxb5 Qd8 20. Rad1 Qe7 21. Kh1 Bh6 22. Bd3 Bxd3 23. Rxd3 Bxg5 24. hxg5 Qxg5 25. f4 Qf6 26. Rfd1 Rb8 27. Qa4 Ne7 28. fxe5 Qf2 29. R3d2 Qc5 30. e6 Rb7 31. exf7+ Rxf7 32. Qe4 Qb5 33. Rd8+ Kh7 34. Qd4 Ng8 35. b3 Rbe7 36. Qd3 Qa5 37. Rd5 Qxa2 38. Rxh5+ Kg7 39. Be5+ Rxe5 40. Rxe5 Qxb3 41. Rg5 Qe6 42. Qd4+ Qf6 43. Rf1 Qxd4 44. Rxf7+ Kxf7 45. cxd4 Kf6 46. Ra5 Ne7 47. Rxa7 Ke6 48. Ra5 Nf5 49. d5+ Ke5 50. Kh2 Ne3 51. Kg3 Nxd5 52. Kg4 Ke4 53. Kg5 Ne3 54. Ra4+ Ke5 55. g4 Nd5 56. Ra5 Ke4 57. Rxd5 Kxd5 58. Kxg6 Ke5 59. Kh6 Kf6 60. g5+ Kf5 61. g6 Kf6 62. g7 Kf7 63. Kh7 Ke7 64. g8=Q Kd6 65. Qg5 Kc7 66. Qd5 Kb6 67. Kg6 Kc7 68. Kf6 Kb6 69. Ke6 Kc7 70. Qd6+ Kb7 71. Kd5 Ka8 72. Qd7 Kb8 73. Kc6 Ka8 74. Qb7# 1-0

[Event "British Columbia op"]
[Site "Richmond CAN"]
[Date "2017.02.13"]
[Round "6.1"]
[White "Pechisker, Alfred"]
[Black "Kenney, Jason"]
[Result "1-0"]
[WhiteElo "2237"]
[BlackElo "2201"]
[WhiteFideId "-1"]
[WhiteFideId "-1"]
[PlyCount "99"]
[GameId "2160767908478618"]
[EventDate "2017.02.11"]
[EventType "swiss"]
[EventRounds "6"]
[EventCountry "CAN"]
[SourceTitle "EXT 2022"]
[Source "ChessBase"]
[SourceDate "2021.10.06"]
[SourceVersion "1"]
[SourceVersionDate "2021.10.06"]
[SourceQuality "1"]

1. d4 Nf6 2. c4 e6 3. Nf3 d5 4. Nc3 Be7 5. Bg5 O-O 6. e3 h6 7. Bh4 b6 8. cxd5 exd5 9. Bd3 Be6 10. O-O Nbd7 11. Rc1 c5 12. Qe2 Re8 13. dxc5 bxc5 14. Rfd1 Qb6 15. Bb5 Qb7 16. Rd2 Red8 17. h3 a6 18. Bd3 Nb6 19. b3 c4 20. Bb1 a5 21. Nd4 a4 22. Bxf6 Bxf6 23. Nxe6 fxe6 24. Qg4 Qf7 25. bxc4 Nxc4 26. Rdd1 a3 27. Ne2 Nb2 28. Rd2 Nc4 29. Rdc2 Rab8 30. Nf4 Rd6 31. Rxc4 dxc4 32. Bg6 Qd7 33. Rxc4 e5 34. Bf5 Qf7 35. Nh5 Rbd8 36. Bc2 Kf8 37. Bb3 g6 38. Ng3 h5 39. Qe4 Qe8 40. Ra4 Kg7 41. Rxa3 Qe7 42. Ra4 h4 43. Ne2 Rf8 44. Nc3 Qc7 45. Rc4 Qb8 46. Nd5 Rfd8 47. Bc2 Bg5 48. Rc7+ Kh6 49. f4 Be7 50. Rxe7 1-0

[Event "British Columbia op"]
[Site "Richmond CAN"]
[Date "2017.02.13"]
[Round "6.2"]
[White "Zhu, Brandon"]
[Black "Sohal, Tanraj"]
[Result "0-1"]
[WhiteElo "1939"]
[BlackElo "2374"]
[WhiteFideId "-1"]
[WhiteFideId "-1"]
[PlyCount "110"]
[GameId "2160767908478619"]
[EventDate "2017.02.11"]
[EventType "swiss"]
[EventRounds "6"]
[EventCountry "CAN"]
[SourceTitle "EXT 2022"]
[Source "ChessBase"]
[SourceDate "2021.10.06"]
[SourceVersion "1"]
[SourceVersionDate "2021.10.06"]
[SourceQuality "1"]

1. e4 c5 2. Nf3 Nc6 3. d4 cxd4 4. Nxd4 Nf6 5. Nc3 e6 6. Ndb5 d6 7. Bf4 e5 8. Bg5 a6 9. Na3 b5 10. Bxf6 gxf6 11. Nd5 Bg7 12. Bd3 Ne7 13. Ne3 O-O 14. Qh5 d5 15. O-O b4 16. exd5 f5 17. Nac4 e4 18. d6 Ng6 19. f4 exd3 20. cxd3 Bd4 21. Rae1 Be6 22. Kh1 Qh4 23. Qf3 Rad8 24. Nd5 Bxd5 25. Qxd5 Bf2 26. Re5 Bg3 27. h3 Nxf4 28. Qd4 Ng6 29. Qxh4 Nxh4 30. Ra5 Bxd6 31. Rxa6 Bg3 32. Rb6 Rb8 33. a4 bxa3 34. bxa3 Rxb6 35. Nxb6 Rd8 36. a4 Rxd3 37. Ra1 Be5 38. Re1 Bc3 39. Rc1 Ng6 40. Nc4 Ne5 41. Rxc3 Rxc3 42. Nxe5 Kg7 43. Kh2 Ra3 44. Nf3 Rxa4 45. Ng1 Kf6 46. Nf3 h6 47. Kg3 Ra2 48. h4 f4+ 49. Kh3 Kf5 50. Kh2 Kg4 51. Ne5+ Kxh4 52. Nf3+ Kh5 53. Ne5 f6 54. Nf3 Kg4 55. Ng1 Ra3 0-1

[Event "British Columbia op"]
[Site "Richmond CAN"]
[Date "2017.02.13"]
[Round "6.3"]
[White "Morozov, Grigory"]
[Black "Barranco, Francisco"]
[Result "1-0"]
[WhiteElo "2348"]
[BlackElo "2202"]
[WhiteFideId "-1"]
[WhiteFideId "-1"]
[PlyCount "75"]
[GameId "2160767908478620"]
[EventDate "2017.02.11"]
[EventType "swiss"]
[EventRounds "6"]
[EventCountry "CAN"]
[SourceTitle "EXT 2022"]
[Source "ChessBase"]
[SourceDate "2021.10.06"]
[SourceVersion "1"]
[SourceVersionDate "2021.10.06"]
[SourceQuality "1"]

1. d4 Nf6 2. c4 c5 3. d5 b5 4. cxb5 a6 5. b6 g6 6. Nc3 Bg7 7. e4 d6 8. Nf3 Nbd7 9. a4 a5 10. Bb5 O-O 11. O-O Rb8 12. Bf4 Rxb6 13. Qe2 Ne8 14. Nd2 Ne5 15. h3 Rb8 16. Bg3 g5 17. h4 h6 18. hxg5 hxg5 19. Qh5 e6 20. Bxe5 Bxe5 21. Nc4 Bf6 22. Bxe8 Rxe8 23. Nb5 Rxb5 24. axb5 exd5 25. exd5 Re4 26. Ne3 Rh4 27. Qe2 Kg7 28. g3 Rb4 29. Ra2 Bd7 30. Rfa1 Bxb5 31. Nf5+ Kg8 32. Qh5 a4 33. Kg2 Qd7 34. Nh6+ Kg7 35. Rh1 Bd3 36. Ng4 Be4+ 37. Kg1 Bxh1 38. Qh6+ 1-0

[Event "British Columbia op"]
[Site "Richmond CAN"]
[Date "2017.02.13"]
[Round "6.4"]
[White "Hemstapat, Andrew"]
[Black "Doknjas, Joshua"]
[Result "0-1"]
[WhiteElo "2009"]
[BlackElo "2208"]
[WhiteFideId "-1"]
[WhiteFideId "-1"]
[PlyCount "88"]
[GameId "2160767908478621"]
[EventDate "2017.02.11"]
[EventType "swiss"]
[EventRounds "6"]
[EventCountry "CAN"]
[SourceTitle "EXT 2022"]
[Source "ChessBase"]
[SourceDate "2021.10.06"]
[SourceVersion "1"]
[SourceVersionDate "2021.10.06"]
[SourceQuality "1"]

1. e4 c5 2. Nf3 d6 3. d4 cxd4 4. Nxd4 Nf6 5. Nc3 a6 6. Bg5 Nbd7 7. Bc4 Qb6 8. Bb3 e6 9. Qd2 Be7 10. O-O-O Nc5 11. f3 Qc7 12. g4 Bd7 13. Be3 b5 14. g5 Nh5 15. Nce2 a5 16. c3 g6 17. Ng3 Nxg3 18. hxg3 Nxb3+ 19. Nxb3 a4 20. Nd4 b4 21. Kb1 bxc3 22. bxc3 Qc4 23. Ka1 Rc8 24. Ne2 Bb5 25. Rhe1 Qc7 26. Rc1 Bc4 27. f4 Qa5 28. Nd4 d5 29. Nc2 dxe4 30. Bd4 Rg8 31. Rxe4 Qd8 32. Ne3 Bd5 33. Re5 Bb7 34. Rb1 Bc6 35. Qh2 Bd6 36. Qxh7 Rf8 37. Bb6 Bxe5 38. fxe5 Qd3 39. Bd4 a3 40. Qh2 Be4 41. Rd1 Rxc3 42. Qg1 Rc1+ 43. Rxc1 Qxd4+ 44. Rc3 Qxc3# 0-1

[Event "British Columbia op"]
[Site "Richmond CAN"]
[Date "2017.02.13"]
[Round "6.5"]
[White "Nyamdorj, Davaa-Ochir"]
[Black "Hiebert, Kenji"]
[Result "1-0"]
[WhiteElo "2149"]
[BlackElo "2078"]
[WhiteFideId "-1"]
[WhiteFideId "-1"]
[PlyCount "111"]
[GameId "2160767908478622"]
[EventDate "2017.02.11"]
[EventType "swiss"]
[EventRounds "6"]
[EventCountry "CAN"]

1. e4 c5 2. Nf3 Nc6 3. Bb5 d6 4. Bxc6+ bxc6 5. e5 dxe5 6. Nxe5 Qd5 7. Nf3 Bg4 8. Nc3 Bxf3 9. Qxf3 Qxf3 10. gxf3 Nf6 11. d3 e6 12. Be3 Nd5 13. Ne4 f5 14. Ng5 e5 15. Ne6 Nxe3 16. fxe3 Kd7 17. Nxf8+ Raxf8 18. h4 a5 19. O-O-O Rf6 20. Rdg1 Rg6 21. Kd2 Ke6 22. b3 Kf6 23. e4 f4 24. Kc3 Rxg1 25. Rxg1 Rg8 26. Rg5 g6 27. Kc4 h6 28. Rg4 g5 29. h5 a4 30. Kxc5 axb3 31. cxb3 Rd8 32. Kc4 Rd4+ 33. Kc3 c5 34. Rg1 Rd7 35. a4 Rd8 36. a5 Ra8 37. b4 cxb4+ 38. Kxb4 Rb8+ 39. Kc5 Rd8 40. Rd1 g4 41. fxg4 Kg5 42. a6 Kxg4 43. a7 f3 44. d4 exd4 45. e5 f2 46. e6 Kf3 47. e7 Rc8+ 48. Kxd4 Ke2 49. Rc1 f1=Q 50. Rxf1 Kxf1 51. Ke5 Kg2 52. Kf6 Ra8 53. Kf7 Rxa7 54. Kf8 Ra5 55. e8=Q Rg5 56. Qg6 1-0

[Event "British Columbia op"]
[Site "Richmond CAN"]
[Date "2017.02.13"]
[Round "6.6"]
[White "Huang, Patrick"]
[Black "Richardson, Kai"]
[Result "0-1"]
[WhiteElo "1944"]
[BlackElo "2083"]
[WhiteFideId "-1"]
[WhiteFideId "-1"]
[PlyCount "82"]
[GameId "2160767908478623"]
[EventDate "2017.02.11"]
[EventType "swiss"]
[EventRounds "6"]
[EventCountry "CAN"]
[SourceTitle "EXT 2022"]
[Source "ChessBase"]
[SourceDate "2021.10.06"]
[SourceVersion "1"]
[SourceVersionDate "2021.10.06"]
[SourceQuality "1"]

1. e4 e6 2. Qe2 c5 3. f4 Nc6 4. Nf3 a6 5. g3 d6 6. Bg2 Nf6 7. d3 Be7 8. O-O Qc7 9. b3 Nd4 10. Qd1 Bd7 11. h3 Nxf3+ 12. Qxf3 O-O-O 13. Bb2 Bc6 14. Nd2 Rhg8 15. Qe2 g6 16. a4 Nh5 17. Kh2 d5 18. Be5 Bd6 19. Bxd6 Qxd6 20. e5 Qc7 21. c4 Ng7 22. cxd5 exd5 23. Rac1 Ne6 24. h4 Kb8 25. Qf2 Qb6 26. Rb1 Qb4 27. Nf3 h6 28. Rfc1 g5 29. fxg5 hxg5 30. Nxg5 Nxg5 31. hxg5 Rxg5 32. Rxc5 Rh8+ 33. Kg1 Rhg8 34. Rc2 Rxg3 35. Qf5 d4 36. Qxf7 Rxg2+ 37. Rxg2 Rxg2+ 38. Kf1 Qd2 39. Qf8+ Ka7 40. Qc5+ b6 41. Qe7+ Bb7 0-1

[Event "British Columbia op"]
[Site "Richmond CAN"]
[Date "2017.02.13"]
[Round "6.7"]
[White "Salcedo, Daniel"]
[Black "Sadoughian-Zadeh, Farshad"]
[Result "0-1"]
[WhiteElo "1997"]
[BlackElo "2090"]
[WhiteFideId "-1"]
[WhiteFideId "-1"]
[PlyCount "94"]
[GameId "2160767908478624"]
[EventDate "2017.02.11"]
[EventType "swiss"]
[EventRounds "6"]
[EventCountry "CAN"]
[SourceTitle "EXT 2022"]
[Source "ChessBase"]
[SourceDate "2021.10.06"]
[SourceVersion "1"]
[SourceVersionDate "2021.10.06"]
[SourceQuality "1"]

1. d4 Nf6 2. c4 g6 3. Nc3 Bg7 4. e4 d6 5. Nf3 O-O 6. Be2 e5 7. d5 a5 8. Bg5 h6 9. Bh4 Na6 10. Nd2 Qe8 11. g4 Nh7 12. a3 Bd7 13. b3 Kh8 14. Nf1 Nc5 15. a4 f5 16. gxf5 gxf5 17. Bh5 Qc8 18. f3 fxe4 19. fxe4 Nxe4 20. Nxe4 Rf4 21. Nfg3 Rxh4 22. O-O Rf4 23. Ra2 Bh3 24. Rff2 Qd8 25. Qd3 Qh4 26. Bg6 Nf6 27. Nxf6 Qxf6 28. Be4 Rf8 29. Qe3 Qg5 30. Qc1 h5 31. Bg2 Bf5 32. Kh1 Bg6 33. Ne4 Qh4 34. Ng3 Qf6 35. Kg1 Bh6 36. Nf1 Qg5 37. Qd2 h4 38. h3 Be4 39. Rxf4 exf4 40. Qe1 Bg6 41. Qd2 Qh5 42. Qc3+ Bg7 43. Qf3 Qe5 44. Re2 Qd4+ 45. Kh2 Rf5 46. Qg4 f3 47. Bxf3 Qxg4 0-1

[Event "British Columbia op"]
[Site "Richmond CAN"]
[Date "2017.02.13"]
[Round "6.8"]
[White "Fratila, Adela"]
[Black "North, Robert"]
[Result "1-0"]
[WhiteElo "2050"]
[BlackElo "2041"]
[WhiteFideId "-1"]
[WhiteFideId "-1"]
[PlyCount "59"]
[GameId "2160767908478625"]
[EventDate "2017.02.11"]
[EventType "swiss"]
[EventRounds "6"]
[EventCountry "CAN"]
[SourceTitle "EXT 2022"]
[Source "ChessBase"]
[SourceDate "2021.10.06"]
[SourceVersion "1"]
[SourceVersionDate "2021.10.06"]
[SourceQuality "1"]

1. d4 Nf6 2. Nf3 g6 3. Bf4 Bg7 4. e3 O-O 5. Be2 c5 6. c3 d6 7. dxc5 dxc5 8. Qxd8 Rxd8 9. O-O Nc6 10. Bc7 Re8 11. Bg3 e5 12. Na3 a6 13. Nc4 Ne4 14. Nb6 Nxg3 15. fxg3 Rb8 16. Ng5 Be6 17. Nxe6 Rxe6 18. Nd7 Rd8 19. Nxc5 Re7 20. Rad1 Bh6 21. Kf2 Bf8 22. Bc4 Rc7 23. Ne4 Kg7 24. Bb3 h6 25. g4 Rcd7 26. Ke2 Re7 27. g5 Rxd1 28. Rxd1 Rc7 29. Nf6 Re7 30. h4 1-0